Städte Slowenien - Statistiken

Allgemein
  • Dieses Quiz wurde 258 mal gespielt
  • Das Durchschnittsergebnis liegt bei 8 aus 30
Antwortstatistiken
Einwohner 2018 Stadt % Korrekt
289.518 Ljubljana
100%
110.871 Maribor
96%
51.794 Koper
75%
49.377 Celje
65%
55.950 Kranj
59%
36.533 Novo mesto
44%
17.643 Piran
41%
20.759 Jesenice
40%
23.162 Ptuj
40%
18.734 Murska Sobota
32%
32.802 Velenje
32%
31.638 Nova Gorica
28%
35.675 Domzale
27%
29.487 Kamnik
21%
25.833 Krsko
19%
25.524 Slovenska Bistrica
13%
22.919 Skofja Loka
12%
16.525 Slovenj Gradec
12%
21.243 Zalec
10%
19.130 Ajdovscina
9%
20.672 Grosuplje
9%
16.052 Trbovlje
9%
16.978 Vrhnika
9%
24.086 Brezice
7%
17.446 Sevnica
6%
16.362 Medvode
5%
18.872 Radovljica
5%
16.504 Zagorje ob Savi
5%
18.971 Sentjur
4%
16.544 Ivancna Gorica
2%
Keine übereinstimmenden Quizze gefunden
Verteilung der Resultate
Anzahl Personen mit jedem Resultat
Perzentil nach korrekt beantworteten Fragen
Ihre Resultats-Entwicklung
Sie haben dieses Quiz noch nicht gespielt